Cinéma - Ils ont joué dans le même film - 3 - Statistiques

Statistiques générales
  • Ce quiz a été pris 443 fois
  • Le résultat moyen est 10 sur 15
Statistiques - réponses
Hint Réponse % Correct
L'Amour ouf Adèle Exarchopoulos/François Civil
95%
Dune - Deuxième partie Timothée Chalamet/Zendaya
95%
Le Comte de Monte-Cristo Pierre Niney/Bastien Bouillon
94%
Oppenheimer Cillian Murphy/Emily Blunt
90%
Babylon Brad Pitt/Margot Robbie
80%
Emilia Pérez Zoe Saldaña/Selena Gomez
75%
Yannick Raphaël Quenard/Pio Marmaï
72%
The Substance Demi Moore/Margaret Qualley
70%
Furiosa - Une saga Mad Max Anya Taylor-Joy/Chris Hemsworth
68%
Pauvres Créatures Emma Stone/Mark Ruffalo
65%
Grosse Fatigue Michel Blanc/Carole Bouquet
62%
Anatomie d'une chute Sandra Hüller/Swann Arlaud
60%
The Fabelmans Paul Dano/Michelle Williams
43%
Le Robot sauvage Lupita Nyong'o/Pedro Pascal
36%
Civil War Kirsten Dunst/Wagner Moura
33%
Aucun quiz correspondant
Distribution des résultats
% des personnes avec chaque résultat
Percentile par nombre de réponses
Votre historique - résultats
Vous n’avez pas pris ce quiz